[Event "East Dunbartonshire op 1st"]
[Site "Dunbartonshire"]
[Date "2011.08.07"]
[Round "4"]
[White "Stewart, Alastair G"]
[Black "Dunlop, Anthony"]
[Result "0-1"]
[WhiteElo "1648"]
[BlackElo "1793"]
[PlyCount "90"]
[EventDate "2011.08.06"]
[EventType "swiss"]
[EventRounds "5"]
[EventCountry "SCO"]
[SourceTitle "EXT 2023"]
[Source "ChessBase"]
[SourceDate "2022.10.05"]
[SourceVersion "1"]
[SourceVersionDate "2022.10.05"]
[SourceQuality "1"]

1. d4 d5 2. Nf3 e6 3. e3 c6 4. Bd3 Bd6 5. Nbd2 Nf6 6. 0-0 Nbd7 7. e4 dxe4 8. Nxe4 Nxe4 9. Bxe4 Nf6 10. Bd3 Qc7 11. Qe2 Bd7 12. c4 h6 13. Ne5 Ke7 14. f4 Raf8 15. f5 Kd8 16. Bd2 exf5 17. Bxf5 Bxf5 18. Rxf5 Re8 19. Re1 Kc8 20. b4 Bxe5 21. Rxe5 Qd7 22. Bc3 Rxe5 23. Qxe5 Re8 24. Qg3 Rxe1+ 25. Qxe1 Ne8 26. d5 cxd5 27. cxd5 g6 28. Qe5 h5 29. h3 a6 30. Qh8 Qe7 31. Qe5 Qxe5 32. Bxe5 Nc7 33. d6 Ne8 34. Kf2 Kd7 35. Ke3 f6 36. Bh2 Nxd6 37. g4 Nb5 38. gxh5 gxh5 39. Kf4 Ke6 40. Bg1 Nc3 41. Bc5 Nxa2 42. h4 Nc1 43. Bf8 Nd3+ 44. Ke4 Ne5 45. Bc5 f5+ 0-1